| 000 | 03052nmmaa2200397 i 4500 | ||
|---|---|---|---|
| 001 | 197791 | ||
| 005 | 20250812063140.0 | ||
| 008 | 080310e2007 sp a |o||j o000 0 spa | ||
| 015 | _aMON07 | ||
| 017 |
_aM 48285-2007 _bOficina Depósito Legal Madrid |
||
| 020 | _a978-84-451-3026-1 | ||
| 035 | _a(OCoLC)433472695 | ||
| 035 | _a(SpMaBN)a3332594 | ||
| 040 |
_aSpMaBN _bspa _cSpMaBN _erdc |
||
| 080 | _a903(460.27)(063) | ||
| 080 | _a904(460.27)(063) | ||
| 111 | 2 |
_aJornadas de Patrimonio Arqueológico en la Comunidad de Madrid _n(2ª. _d2005. _cMadrid) _9241695 |
|
| 245 | 1 | 0 |
_aActas de las Segundas Jornadas de Patrimonio Arqueológico en la Comunidad de Madrid _h[Recurso electrónico] : _b[celebradas en el Ateneo de Madrid los días 30 de noviembre, 1 y 2 de diciembre de 2005] / _c[organización, Dirección General de Patrimonio Histórico, Área de Protección del Patrimonio Arqueológico, Paleontológico y Etnológico ; Belén Martínez Díaz] |
| 260 |
_a[Madrid] : _bDirección General de Patrimonio Histórico, _c[2007] |
||
| 300 |
_a354 páginas : _bilustraciones (blanco y negro y color), gráficos, mapas, planos ; _c24 cm _e |
||
| 500 | _aÍndice | ||
| 504 | _aReferencias bibliográficas | ||
| 505 | 0 | _aGrandes obras, grandes retos. El patrimonio arqueológico moderno y contemporáneo en la Comunidad de Madrid. Profesionales de la Arqueología: caminos para un mismo fin. El Anuario de actuaciones arqueológicas y paleontológicas de la Comunidad de Madrid, 2002 y 2003: análisis de cifras. Posters | |
| 520 | _aRecoge las ponencias presentadas en las Segundas Jornadas de Patrimonio Arqueológico en la Comunidad de Madrid, celebradas en el Ateneo de Madrid los días 30 de noviembre, 1 y 2 de diciembre en 2005, que se centraron en 3 aspectos de gran relevancia para el patrimonio arqueológico madrileño: la metodología aplicable en actuaciones de gran impacto y principales resultados obtenidos durante el año, la revisión del conocimiento del patrimonio arqueológico madrileño referido a la época moderna y contemporánea, y la puesta en común de las diferentes perspectivas que sobre la arqueología tienen los colectivos de profesionales implicados en su gestión y estudio | ||
| 530 | _aDisponible en formato digital | ||
| 650 | 4 |
_aExcavaciones arqueológicas- _zMadrid (Comunidad Autónoma) _9141253 |
|
| 650 | 4 |
_aExcavaciones arqueológicas- _vCongresos y asambleas _9172811 |
|
| 651 | 4 |
_aMadrid (Comunidad Autónoma)- _xRestos arqueológicos- _vCongresos y asambleas _2embne _9241693 |
|
| 700 | 1 |
_aMartínez Díaz, Belén _9241691 _ecnd |
|
| 710 | 2 |
_aMadrid (Comunidad Autónoma). _bÁrea de Protección del Patrimonio Arqueológico, Paleontológico y Etnológico _eisb _9241699 |
|
| 710 | 2 |
_aAteneo de Madrid _ehis _91875 |
|
| 710 | 1 |
_aMadrid (Comunidad Autónoma). _bDirección General de Patrimonio Histórico _eedt _9161737 |
|
| 856 | 4 |
_uhttps://gestiona3.madrid.org/bvirtual/BVCM002586.pdf _yVersión en línea _z(PublicaMadrid) |
|
| 942 |
_2udc _cCDROM _n0 |
||
| 999 |
_c197791 _d197791 |
||